000 00646nam a2200157 i 4500
001 163347
003 ES-MaACL
005 20230906212725.0
008 981118s1857 sp |||| | spa d
245 0 0 _aReseña histórica de las negociaciones diplomáticas entre España y Méjico
_b: ilustrada con documentos oficiales.
260 _aMadrid :
_b[s.n.],
_c1857 (
_fEstab. Tip. de J. Casas y Díaz)
300 _aVII, 140 p. ;
_c23 cm.
651 _aEspaña-
_xRelaciones-
_zMéxico.
_9165181
651 _aMéxico-
_xRelaciones-
_zEspaña.
_9172959
852 _aES-MaACL
_jT-1-F-2
_z- Enc. hol., falto de cub. original
_z- Enc. en un vol. facticio
999 _c163347
_d163347